000 00258nam a22001217a 4500
008 170608b xxu||||| |||| 00| 0 eng d
041 _aeng
080 _22ND
_a94
100 _a18
101 _aSHH
245 _aDECOLONIZATION
_cBETTS,R.F
942 _2udc
_cBK
999 _c16548
_d16548